| 000 | 01270nam a2200241 i 4500 | ||
|---|---|---|---|
| 001 | 169770 | ||
| 003 | ES-MaACL | ||
| 005 | 20231227160948.0 | ||
| 008 | 081125s1956 sp f |||| | spa d | ||
| 080 | _a821.134.2-23"19" | ||
| 100 | 1 |
_aBenavente, Jacinto, _d1866-1954 _927443 |
|
| 245 | 1 | 0 |
_aObras completas _b: con una nota preliminar del autor / _cJacinto Benavente. |
| 250 | _a5ª ed. | ||
| 260 |
_aMadrid : _bAguilar, _c1956. |
||
| 300 |
_a1198 p., [2] h. de lám. ; _c14 cm. |
||
| 490 | 1 | _aJoya | |
| 500 | _aEn port.: Premio Nobel de Literatura 1922. | ||
| 505 | 8 | _aT. I. El nido ajeno ; Gente conocida ; El marido de la Téllez ; De alivio ; Don Juan ; La farándula ; La comida de las fieras ; Teatro feminista ; Cuento de amor ; Operación quirúrgica ; Despedida cruel ; La gata de Angora ; Viaje de instrucción ; Por la herida ; Modas ; Lo cursi ; Sin querer ; Sacrificios ; La gobernadora ; El primo Román ; Amor de amar ; ¡Libertad! ; El tren de los maridos ; Alma triunfante ; El automóvil ; La noche del sábado. | |
| 599 | _aLám.: Fot. y firma del autor. Tít. del Premio Nobel al autor en 1922. | ||
| 830 | 0 |
_aJoya _9188875 |
|
| 852 |
_aES-MaACL _jE-12323 _z. - Biblioteca Jacinto Martínez Lacalle |
||
| 999 |
_c169770 _d169770 |
||